Pires pays où être LGBT+ - Afrique - Statistiques

Statistiques générales
  • Ce quiz a été pris 414 fois
    114 depuis la dernière actualisation
  • Le résultat moyen est 5 sur 10
Statistiques - réponses
% d'égalités des droits Pays % Correct
4% Sénégal
73%
2% Somalie
71%
5% Nigeria
66%
10% Mauritanie
64%
9% Cameroun
58%
10% Éthiopie
55%
6% Zambie
41%
8% Gambie
37%
10% Malawi
33%
10% Burundi
31%
Aucun quiz correspondant
Distribution des résultats
% des personnes avec chaque résultat
Percentile par nombre de réponses
Votre historique - résultats
Vous n’avez pas pris ce quiz depuis la dernière actualisation